Lectura en educación primaria: una investigación

Αποθηκεύτηκε σε:
Λεπτομέρειες βιβλιογραφικής εγγραφής
Κύριος συγγραφέας: Sánchez Lihón, Danilo (Συγγραφέας)
Μορφή: Βιβλίο
Γλώσσα:Ισπανικά
Έκδοση: Lima Instituto Nacional de Investigación y Desarrollo de la Educación 1987
Θέματα:
Ετικέτες: Προσθήκη ετικέτας
Δεν υπάρχουν, Καταχωρήστε ετικέτα πρώτοι!

MARC

LEADER 00000nam a2200000 a 4500
001 UCW3755
003 CL-VaPUC
008 890111e19870000PE |||||||||||||||||spa|d
082 0 4 |a 372.41  |b SAN  |2 21 
100 0 |a Sánchez Lihón, Danilo  |e author  |9 308125 
245 1 0 |a Lectura en educación primaria: una investigación 
300 |a 222 p 
942 |c BK 
945 |d 19890111 00:00:00 
260 |a Lima  |b Instituto Nacional de Investigación y Desarrollo de la Educación  |c 1987 
650 7 |a LECTURA ELEMENTAL  |2 CL-VaPUC  |9 307633 
650 7 |a LECTURA ORAL  |2 CL-VaPUC  |9 308126 
583 |a last modification  |c 19890111 00:00:00  |k Rodrigo Vera 
999 |c 217654  |d 217652 
952 |0 0  |1 0  |4 0  |6 372_410000000000000_SAN_1987  |7 0  |8 A  |9 205637  |a BIBEDU  |b BIBEDU  |c ES_NOD  |d 2019-11-15  |i 2736136  |o 372.41 SAN 1987  |p 2736136  |r 2023-08-09  |w 2019-11-15  |y BK  |k EDU